000 nam a22 7a 4500
999 _c128683
_d128683
008 181130b xxu||||| |||| 00| 0 eng d
050 _aBJ1535.A6
_bS33
100 _aScheler, Max
_942293
245 _aRessentiment
_cMax Scheler edited by Lewis A. Coser
260 _aNew York
_bSchocken Books
_c1961
300 _a201p. ;
_c21cm.
650 _aAnger
_943719
650 _aValues
_975
700 _aCoser, Lewis A. ed.
_943720
942 _2lcc
_cMONOGRAPH